000
00343nam a2200145Ia 4500
100
_a
Dorsey/Paul/ Hudicka/ J.R.
942
_c
BK
654
_a
computer
245
_a
Oracle 8 : Design using UML Object Modelling
260
_b
Tata Mc Graw hill
_c
1999
082
_a
005.13'O'
_b
DOR/H
300
_a
484
546
_a
ENGLISH
999
_c
24099
_d
24099